000 00428cam a2200169ua 4500
020 _c1.40
041 _amal
_h
082 _a894.8121
_bGOP/KE
100 _aGopala Kurup, Vennikkulam .
245 _aKerala sree /
_cVennikkulam Gopala Kurup.
_hTextual Documents
260 _aThiruvananthapuram :
_bG Unnikrishnan ,
_c1956.
300 _a92 ; .
365 _a1.40
504 _a
942 _cBK
999 _c5095
_d5095